TOTY Nominees For FIFA 21 - Statistiques

Statistiques générales
  • Ce quiz a été pris 331 fois
  • Le résultat moyen est 22 sur 70
Statistiques - réponses
Position Réponse % Correct
GK Neuer
86%
RW Messi
85%
ST Ronaldo
84%
GK Alisson
83%
ST Mbappé
78%
GK Ederson
77%
GK Courtois
73%
CB Ramos
70%
LW Neymar Jr
68%
ST Lewandowski
67%
CAM De Bruyne
63%
GK Navas
63%
RB Navas
63%
CB Van Dijk
62%
LW Mané
59%
RW Salah
57%
CF Benzema
56%
CB Marquinhos
52%
RB Alexander-Arnold
51%
ST Andre Silva
50%
CB Silva
50%
CDM Kimmich
47%
LB Robertson
47%
ST Haaland
44%
CM Kroos
42%
LB Davies
39%
ST Kane
37%
CAM Fernandes
35%
ST Suarez
35%
ST Lukaku
29%
LW Sterling
28%
LM Son
27%
LB Hernandez
26%
CB Kimpembe
26%
CM Thiago
25%
LB Alba
24%
RW Di Maria
24%
CF Dybala
21%
CDM Henderson
21%
CB Laporte
19%
CB Hummels
14%
GK Mandanda
14%
CAM Fekir
13%
ST Immobile
12%
CF Joao Felix
12%
CAM Gomez
11%
LW Grealish
10%
ST Insigne
9%
ST Joselu
9%
LB Amavi
8%
CM Aouar
8%
CM Sabitzer
7%
ST Vardy
7%
ST Ben Yedder
6%
CB De Vrij
6%
ST Caputo
4%
LM Guerreiro
4%
CM Parejo
4%
CM Sanches
4%
CB Ginter
3%
GK Hradecky
3%
ST Ings
3%
CM Kovacic
3%
CB Acerbi
2%
CAM Alberto
2%
LB Angelino
2%
LM Gosens
2%
ST Kramaric
2%
CM Merino
2%
CAM Stindl
2%
Aucun quiz correspondant
Distribution des résultats
% des personnes avec chaque résultat
Percentile par nombre de réponses
Votre historique - résultats
Vous n’avez pas pris ce quiz